| 000 | 00514nam a2200181Ia 4500 | ||
|---|---|---|---|
| 003 | GCL | ||
| 008 | 140319s9999 xx 000 0 ara d | ||
| 040 |
_aGCL / _cGCL |
||
| 082 | 0 | 4 |
_a823.03 _bا و |
| 100 | 1 | _aامين الشريف | |
| 245 | 1 | 0 |
_aالعقل والعاطفة / _cامين الشريف |
| 700 | 1 | _aاوستن , جين | |
| 490 |
_aالالف كتاب _v0 |
||
| 650 | 0 | 4 | _aالادب |
| 650 | 0 | 4 | _aالادب الانجليزى |
| 650 | 0 | 4 | _aالرواية الانجليزية |
| 942 |
_2ddc _cBK |
||
| 999 |
_c39650 _d39650 |
||